Statistics for Swedish Colonies

Click here to take the quiz!

General Stats

  • This quiz has been taken 97 times
    (83 since last reset)
  • The average score is 10 of 13

Answer Stats

HintsAnswer% Correct
EuropeNorway
97%
EuropeFinland
96%
EuropeDenmark
94%
Europe/AsiaRussia
94%
EuropeEstonia
93%
EuropeLatvia
93%
EuropeGermany
91%
EuropeLithuania
90%
EuropePoland
87%
North America, now a state in the USDelaware
54%
AfricaGhana
54%
North America, now part of franceGuadeloupe
43%
North America, now part of FranceSaint-Barthélemy
40%

Score Distribution

Percentile by Number Answered

Percent of People with Each Score

Your Score History

You have not taken this quiz since the last reset